[Event "12. Open de la Constitución"]
[Site "S. Sebastian de los Reyes ESP"]
[Date "2010.12.04"]
[Round "5.2"]
[White "Roa Alonso, Santiago"]
[Black "Ortega Ruiz, Jose Miguel"]
[Result "1-0"]
[WhiteElo "2440"]
[BlackElo "2260"]
[PlyCount "27"]
[EventDate "2010.11.30"]
[EventType "swiss"]
[EventRounds "9"]
[EventCountry "ESP"]
[Source "lmi"]
[SourceDate "2010.11.30"]

1. e4 d5 2. exd5 Qxd5 3. Nc3 Qa5 4. d4 Nf6 5. Nf3 Bg4 6. h3 Bh5 7. g4 Bg6 8.
Ne5 e6 9. Bg2 c6 10. h4 Nbd7 11. Nc4 Qb4 12. Qe2 Ne4 13. Bxe4 Bxe4 14. a3 1-0

[Event "12. Open de la Constitución"]
[Site "S. Sebastian de los Reyes ESP"]
[Date "2010.12.04"]
[Round "5.3"]
[White "Semprun Martinez, Fernando"]
[Black "Rodrigo Yanguas, Maria"]
[Result "1-0"]
[WhiteElo "2216"]
[BlackElo "2070"]
[PlyCount "117"]
[EventDate "2010.11.30"]
[EventType "swiss"]
[EventRounds "9"]
[EventCountry "ESP"]
[Source "lmi"]
[SourceDate "2010.11.30"]

1. e4 e6 2. d4 d5 3. Nc3 Nf6 4. e5 Nfd7 5. f4 c5 6. Nf3 Nc6 7. Be3 a6 8. Qd2 b6
9. Be2 Bb7 10. O-O Qc7 11. Rae1 O-O-O 12. Nd1 cxd4 13. Nxd4 g5 14. Nxc6 Qxc6
15. Bd4 gxf4 16. Qxf4 f6 17. Bg4 h5 18. Bxe6 Qxe6 19. exf6 Qg4 20. Qxg4 hxg4
21. f7 Bc5 22. c3 Rh6 23. Re8 Rh8 24. Rxh8 Rxh8 25. Ne3 Bxd4 26. cxd4 Kd8 27.
Nxg4 Ke7 28. h3 Bc8 29. Ne3 Ke6 30. Ng4 a5 31. Rf3 Ba6 32. Kf2 Rf8 33. Nh6 Nf6
34. Rf5 Ne4+ 35. Kf3 Nd6 36. Re5+ Kf6 37. Kf4 Nxf7 38. Ng4+ Kg7 39. Re7 Bf1 40.
Ne3 Bc4 41. b3 Bd3 42. Nxd5 b5 43. Ke3 Bg6 44. g4 Kh6 45. h4 Nh8 46. Nf4 Bf7
47. g5+ Kh7 48. h5 Re8 49. g6+ Kh6 50. Rxe8 Bxe8 51. d5 Kg7 52. Kd4 a4 53. b4
a3 54. Ke5 Bd7 55. d6 Bg4 56. Kd5 Bd7 57. Kc5 Kf6 58. Kb6 Be6 59. Nxe6 1-0

[Event "12. Open de la Constitución"]
[Site "S. Sebastian de los Reyes ESP"]
[Date "2010.12.04"]
[Round "5.4"]
[White "Aziz Ortego, Omar Luis"]
[Black "Barez Menendez, Hector"]
[Result "0-1"]
[WhiteElo "2056"]
[BlackElo "2168"]
[PlyCount "112"]
[EventDate "2010.11.30"]
[EventType "swiss"]
[EventRounds "9"]
[EventCountry "ESP"]
[Source "lmi"]
[SourceDate "2010.11.30"]

1. e4 e5 2. Nc3 Nf6 3. Bc4 Nc6 4. d3 Bb4 5. Nge2 d5 6. exd5 Nxd5 7. O-O Be6 8.
Ne4 Be7 9. f4 exf4 10. Nxf4 Nxf4 11. Bxf4 Qd4+ 12. Kh1 Bxc4 13. Bxc7 Be6 14.
Qe2 O-O 15. Rae1 Qxb2 16. Rb1 Qxa2 17. Rxb7 Qa6 18. Rfb1 Nb4 19. Qf3 Kh8 20.
R7xb4 Bxb4 21. Be5 Be7 22. Rf1 Bd5 23. Bxg7+ Kxg7 24. Qg3+ Qg6 25. Qe5+ f6 26.
Qxd5 Rab8 27. Ng3 Kh8 28. Nf5 Bd8 29. d4 Bc7 30. Qf3 Rbe8 31. c4 Rg8 32. h3 a5
33. c5 a4 34. d5 Re5 35. g4 h5 36. gxh5 Rxf5 37. hxg6 Rxf3 38. Rxf3 Be5 39. Ra3
Ra8 40. d6 Kg7 41. Kg2 Kxg6 42. Kf3 Kf5 43. d7 Bc7 44. h4 Ke6 45. h5 Kxd7 46.
h6 Kc6 47. Kg4 Be5 48. h7 Kxc5 49. Kf5 Kb4 50. Rd3 Rh8 51. Rd7 a3 52. Rb7+ Kc3
53. Ra7 Kb2 54. Rb7+ Kc2 55. Ra7 Bb2 56. Kg6 Kb1 0-1

[Event "12. Open de la Constitución"]
[Site "S. Sebastian de los Reyes ESP"]
[Date "2010.12.04"]
[Round "5.5"]
[White "Cardenas Serrano, Sergio"]
[Black "Esquivias Gomez, Fco. Javier"]
[Result "1/2-1/2"]
[WhiteElo "2124"]
[BlackElo "2015"]
[PlyCount "57"]
[EventDate "2010.11.30"]
[EventType "swiss"]
[EventRounds "9"]
[EventCountry "ESP"]
[Source "lmi"]
[SourceDate "2010.11.30"]

1. d4 Nf6 2. c4 c5 3. Nf3 g6 4. Nc3 cxd4 5. Nxd4 Bg7 6. e4 O-O 7. Be2 Nc6 8.
Be3 Nxd4 9. Bxd4 d6 10. O-O Bd7 11. f4 Bc6 12. Bf3 Nd7 13. Bxg7 Kxg7 14. Qe2 f5
15. Rae1 e5 16. exf5 Bxf3 17. Rxf3 Rxf5 18. Nd5 Rc8 19. b3 Kg8 20. Qb2 Rf7 21.
Qf2 Qf8 22. Qxa7 Nc5 23. fxe5 Rxf3 24. gxf3 Qxf3 25. Ne7+ Kh8 26. Nxc8 Qg4+ 27.
Kh1 Qf3+ 28. Kg1 Qg4+ 29. Kh1 1/2-1/2

[Event "12. Open de la Constitución"]
[Site "S. Sebastian de los Reyes ESP"]
[Date "2010.12.04"]
[Round "5.6"]
[White "Anton Veiga, Juan Carlos"]
[Black "Garcia Dorado, Alberto"]
[Result "1/2-1/2"]
[WhiteElo "2098"]
[BlackElo "2009"]
[PlyCount "30"]
[EventDate "2010.11.30"]
[EventType "swiss"]
[EventRounds "9"]
[EventCountry "ESP"]
[Source "lmi"]
[SourceDate "2010.11.30"]

1. e4 e5 2. Nf3 Nc6 3. Bc4 Bc5 4. c3 Nf6 5. d4 exd4 6. O-O d3 7. b4 Be7 8. Qxd3
O-O 9. Bf4 d6 10. h3 Nd7 11. Bb3 a5 12. b5 Nce5 13. Qe2 a4 14. Bc2 Nxf3+ 15.
Qxf3 Bf6 1/2-1/2

[Event "12. Open de la Constitución"]
[Site "S. Sebastian de los Reyes ESP"]
[Date "2010.12.04"]
[Round "5.7"]
[White "Alvarez Abejon, Amilcar"]
[Black "Quintero Torres, Pedro"]
[Result "1/2-1/2"]
[WhiteElo "2091"]
[BlackElo "1971"]
[PlyCount "119"]
[EventDate "2010.11.30"]
[EventType "swiss"]
[EventRounds "9"]
[EventCountry "ESP"]
[Source "lmi"]
[SourceDate "2010.11.30"]

1. e4 c5 2. Nc3 e6 3. f4 d5 4. Nf3 dxe4 5. Nxe4 Nc6 6. Bb5 Bd7 7. O-O a6 8.
Bxc6 Bxc6 9. d3 Bxe4 10. dxe4 Qxd1 11. Rxd1 Nf6 12. e5 Nd5 13. c4 Nb4 14. Ne1
Be7 15. Be3 Rd8 16. Rxd8+ Kxd8 17. a3 Nc6 18. Nd3 b6 19. b4 Nd4 20. Bxd4 cxd4
21. Kf2 Kc7 22. Kf3 g5 23. Ke4 f6 24. Kxd4 gxf4 25. Nxf4 fxe5+ 26. Kxe5 Bd6+
27. Ke4 Bxf4 28. Kxf4 Rd8 29. Ke3 Rg8 30. g3 Rg4 31. c5 bxc5 32. Rc1 c4 33. Rd1
Kc6 34. Rd8 h5 35. Re8 Kd5 36. Rd8+ Ke5 37. Rh8 Re4+ 38. Kd2 Kd4 39. Rd8+ Ke5
40. Kc3 h4 41. gxh4 Rxh4 42. a4 Rxh2 43. Kxc4 Rc2+ 44. Kb3 Rc6 45. b5 axb5 46.
axb5 Rd6 47. Rc8 Kd5 48. Kb4 e5 49. Ka5 e4 50. b6 Rd7 51. Ka6 Rd6 52. Ka7 Rxb6
53. Kxb6 e3 54. Kb5 Kd4 55. Kb4 e2 56. Re8 Kd3 57. Kb3 Kd2 58. Rd8+ Kc1 59.
Rc8+ Kd2 60. Rd8+ 1/2-1/2

[Event "12. Open de la Constitución"]
[Site "S. Sebastian de los Reyes ESP"]
[Date "2010.12.04"]
[Round "5.8"]
[White "Castejon Caballero, Natalia"]
[Black "Camarero Izquierdo, Juan Carlos"]
[Result "1-0"]
[WhiteElo "2079"]
[BlackElo "1876"]
[PlyCount "91"]
[EventDate "2010.11.30"]
[EventType "swiss"]
[EventRounds "9"]
[EventCountry "ESP"]
[Source "lmi"]
[SourceDate "2010.11.30"]

1. e4 c6 2. d4 d5 3. e5 Bf5 4. Nc3 h5 5. Be2 g6 6. Nf3 Bg4 7. Ng5 Bxe2 8. Qxe2
e6 9. Qf3 Nh6 10. Ne2 Be7 11. h4 Nd7 12. c3 Qb6 13. a4 Bxg5 14. a5 Bd2+ 15.
Kxd2 Qc7 16. Rd1 Nf5 17. g3 c5 18. Ke1 Rc8 19. Bg5 cxd4 20. cxd4 O-O 21. g4
hxg4 22. Qxg4 Qc4 23. Qf4 f6 24. exf6 Nxf6 25. Qe5 Ne4 26. Qxe6+ Kh7 27. Rac1
Qb4+ 28. Bd2 Nxd2 29. Rxc8 Nc4+ 30. Nc3 Rxc8 31. Qxc8 Nxb2 32. Rb1 Nd3+ 33. Kf1
Qxd4 34. Rxb7+ Ng7 35. Rf7 Qxh4 36. Rf8 Qh1+ 37. Ke2 Nf4+ 38. Rxf4 Qc1 39. Rh4+
Nh5 40. Qd7+ Kh6 41. Nxd5 Qc2+ 42. Ke3 Qc1+ 43. Kf3 Qd1+ 44. Kg2 Kg5 45. Qe7+
Kh6 46. Ne3 1-0

[Event "12. Open de la Constitución"]
[Site "S. Sebastian de los Reyes ESP"]
[Date "2010.12.04"]
[Round "5.9"]
[White "Vidaurre, Luis Alberto"]
[Black "Castejon Caballero, Andres"]
[Result "1-0"]
[WhiteElo "1856"]
[BlackElo "2088"]
[PlyCount "64"]
[EventDate "2010.11.30"]
[EventType "swiss"]
[EventRounds "9"]
[EventCountry "ESP"]
[Source "lmi"]
[SourceDate "2010.11.30"]

1. d4 Nf6 2. Nf3 g6 3. e3 Bg7 4. Be2 O-O 5. O-O d5 6. b3 c5 7. Bb2 Nc6 8. dxc5
Qa5 9. Nd4 Qxc5 10. Ba3 Qb6 11. Nxc6 Qxc6 12. Bxe7 Re8 13. Ba3 Ne4 14. c3 Nxc3
15. Nxc3 Qxc3 16. Bb5 Re5 17. Qe2 Rh5 18. Rac1 Qe5 19. f4 Qf6 20. Rc7 Qh4 21.
g3 Qh3 22. Rfc1 d4 23. Bc4 Be6 24. Bxe6 Qxe6 25. Re7 Qh3 26. Bb2 d3 27. Qd2
Bxb2 28. Qxb2 Rc8 29. Rcc7 Rf8 30. Red7 Qe6 31. Rxd3 Rd5 32. Rxd5 Qxe3+ 1-0

[Event "12. Open de la Constitución"]
[Site "S. Sebastian de los Reyes ESP"]
[Date "2010.12.04"]
[Round "5.10"]
[White "Galan Aguado, Fernando"]
[Black "Alonso Garuti, Luis E"]
[Result "1/2-1/2"]
[WhiteElo "1820"]
[BlackElo "1936"]
[PlyCount "45"]
[EventDate "2010.11.30"]
[EventType "swiss"]
[EventRounds "9"]
[EventCountry "ESP"]
[Source "lmi"]
[SourceDate "2010.11.30"]

1. d4 e6 2. Nf3 c5 3. e3 Nf6 4. Bd3 Nc6 5. O-O cxd4 6. exd4 Nb4 7. Be2 d5 8. a3
Nc6 9. Bd3 Bd6 10. b3 Bd7 11. Bb2 Rc8 12. Ne5 Qc7 13. Re1 Ne7 14. Nd2 Bc6 15.
Ndf3 Ng6 16. Nxf7 Kxf7 17. Ng5+ Kg8 18. h3 Ne4 19. Nxe6 Bh2+ 20. Kf1 Qd6 21.
Bxe4 Qxe6 22. Bf3 Qf7 23. g3 1/2-1/2

[Event "12. Open de la Constitución"]
[Site "S. Sebastian de los Reyes ESP"]
[Date "2010.12.04"]
[Round "5.11"]
[White "Orellana Illescas, Julio"]
[Black "Cavalle Pulla, Daniel"]
[Result "1/2-1/2"]
[WhiteElo "1787"]
[BlackElo "1897"]
[PlyCount "40"]
[EventDate "2010.11.30"]
[EventType "swiss"]
[EventRounds "9"]
[EventCountry "ESP"]
[Source "lmi"]
[SourceDate "2010.11.30"]

1. e4 e6 2. d4 d5 3. Nc3 Bb4 4. e5 c5 5. Bd2 Ne7 6. Nb5 Bxd2+ 7. Qxd2 Nbc6 8.
Nd6+ Kf8 9. c3 Nf5 10. Nxf5 exf5 11. f4 Qb6 12. Nf3 c4 13. Be2 a5 14. a4 g6 15.
h4 h5 16. O-O Nd8 17. Rfb1 Bd7 18. Ra3 Qc7 19. b3 b5 20. axb5 Bxb5 1/2-1/2

[Event "12. Open de la Constitución"]
[Site "S. Sebastian de los Reyes ESP"]
[Date "2010.12.04"]
[Round "5.12"]
[White "Alvarez Gonzalez, Eduardo"]
[Black "De La Orden Alcocer, Alejandro"]
[Result "0-1"]
[WhiteElo "1885"]
[BlackElo "1812"]
[PlyCount "116"]
[EventDate "2010.11.30"]
[EventType "swiss"]
[EventRounds "9"]
[EventCountry "ESP"]
[Source "lmi"]
[SourceDate "2010.11.30"]

1. d4 Nf6 2. Nf3 c5 3. g3 e6 4. Bg2 Nc6 5. O-O cxd4 6. Nxd4 Bc5 7. Nb3 Bb6 8.
e4 O-O 9. Nc3 h6 10. Na4 Bc7 11. c4 d6 12. Be3 Bd7 13. Nc3 Ne5 14. Qe2 Neg4 15.
Bd2 Rc8 16. h3 Ne5 17. Bf4 Bb6 18. Bxe5 dxe5 19. Rac1 Qe7 20. Nd1 Qb4 21. Rc3
Bc6 22. a3 Qe7 23. c5 Bc7 24. f3 b6 25. Kh2 Nd7 26. Qc2 Ba4 27. cxb6 Nxb6 28.
Qe2 Bb8 29. Rxc8 Rxc8 30. Nd2 Qd7 31. Rf2 Bb5 32. Qe3 Qd4 33. Qxd4 exd4 34. Nf1
e5 35. Rd2 Rc1 36. b3 Bd6 37. b4 Nc4 38. Rd3 Nxa3 39. Rxa3 Rxd1 40. Kg1 a6 41.
Rb3 Ra1 42. Kf2 Bc4 43. Rb2 Ra2 44. Rxa2 Bxa2 45. Nd2 Bxb4 46. Ke2 Bxd2 47.
Kxd2 Bc4 48. f4 f6 49. Bf3 g5 50. fxg5 fxg5 51. Bg4 Kf7 52. h4 Ke7 53. hxg5
hxg5 54. Bc8 Kd6 55. Bb7 a5 56. Bc8 a4 57. Bg4 a3 58. Kc2 Kc5 0-1

[Event "12. Open de la Constitución"]
[Site "S. Sebastian de los Reyes ESP"]
[Date "2010.12.04"]
[Round "5.13"]
[White "Quevedo Marin, Manuel"]
[Black "Nieto Esteban, Manuel"]
[Result "1-0"]
[WhiteElo "2183"]
[BlackElo "1790"]
[PlyCount "43"]
[EventDate "2010.11.30"]
[EventType "swiss"]
[EventRounds "9"]
[EventCountry "ESP"]
[Source "lmi"]
[SourceDate "2010.11.30"]

1. d4 d5 2. c4 e6 3. Nc3 c5 4. cxd5 exd5 5. Nf3 Nc6 6. g3 Nf6 7. Bg2 Be7 8. O-O
O-O 9. Be3 c4 10. Ne5 Be6 11. h3 Qc8 12. Kh2 Rd8 13. f4 Ne8 14. f5 Bxf5 15.
Nxd5 Bf8 16. Nxf7 Kxf7 17. Qc2 Nd6 18. g4 Re8 19. gxf5 Rxe3 20. Nxe3 Nxd4 21.
Qd2 N6xf5 22. Nxf5 1-0

[Event "12. Open de la Constitución"]
[Site "S. Sebastian de los Reyes ESP"]
[Date "2010.12.04"]
[Round "5.14"]
[White "Muñoz Sanchez, Daniel"]
[Black "Salgado Duarte, Pablo"]
[Result "1-0"]
[WhiteElo "1976"]
[BlackElo "1544"]
[PlyCount "49"]
[EventDate "2010.11.30"]
[EventType "swiss"]
[EventRounds "9"]
[EventCountry "ESP"]
[Source "lmi"]
[SourceDate "2010.11.30"]

1. e4 d6 2. d4 Nf6 3. Nc3 e6 4. Bg5 Be7 5. Nf3 Nc6 6. Qd2 b6 7. Bb5 Bd7 8. Bxc6
Bxc6 9. d5 exd5 10. exd5 Bb7 11. O-O-O O-O 12. Rde1 Re8 13. Kb1 Qd7 14. h3 Qf5
15. Nh4 Qd7 16. g4 b5 17. Nf5 Bd8 18. Rxe8+ Nxe8 19. Ne4 f6 20. Bf4 g5 21. Be3
Kh8 22. h4 Ng7 23. Nxg7 Qxg7 24. hxg5 fxg5 25. Bd4 1-0

[Event "12. Open de la Constitución"]
[Site "S. Sebastian de los Reyes ESP"]
[Date "2010.12.04"]
[Round "5.15"]
[White "Corisco Beltran, Rafael"]
[Black "Ureña Castellanos, Antonio"]
[Result "1-0"]
[WhiteElo "1865"]
[BlackElo "1614"]
[PlyCount "97"]
[EventDate "2010.11.30"]
[EventType "swiss"]
[EventRounds "9"]
[EventCountry "ESP"]
[Source "lmi"]
[SourceDate "2010.11.30"]

1. e4 e6 2. d4 d5 3. Nd2 c5 4. exd5 exd5 5. Ngf3 Bg4 6. Bb5+ Nd7 7. O-O Ngf6 8.
Re1+ Be7 9. Qe2 Be6 10. Ng5 Qb6 11. dxc5 Bxc5 12. Nxe6 fxe6 13. Qxe6+ Qxe6 14.
Rxe6+ Kf7 15. Bxd7 Nxd7 16. Re1 Rae8 17. Rxe8 Rxe8 18. Kf1 Re6 19. Nb3 Bb6 20.
Bd2 Rf6 21. f3 h5 22. Bc3 Rg6 23. Rd1 Ke6 24. Bd4 Bc7 25. Bg1 Ne5 26. Nd4+ Kf7
27. Nb5 Bb8 28. Rxd5 Nc4 29. b3 Nb6 30. Rxh5 Rc6 31. c4 a6 32. Nc3 Nd7 33. Ne4
b5 34. c5 a5 35. Bd4 a4 36. b4 a3 37. g3 Nf8 38. Be5 g6 39. Rg5 Ba7 40. Bd6 Ne6
41. Re5 Ra6 42. Ng5+ Nxg5 43. Rxg5 Kf6 44. h4 Ra4 45. c6 Ra6 46. c7 Rc6 47.
Rxb5 Ke6 48. Bf4 Rc2 49. Rc5 1-0

[Event "12. Open de la Constitución"]
[Site "S. Sebastian de los Reyes ESP"]
[Date "2010.12.04"]
[Round "5.16"]
[White "Anton Quevedo, Andrea"]
[Black "Sebastian Enesco, Alex"]
[Result "0-1"]
[WhiteElo "1406"]
[BlackElo "1814"]
[PlyCount "82"]
[EventDate "2010.11.30"]
[EventType "swiss"]
[EventRounds "9"]
[EventCountry "ESP"]
[Source "lmi"]
[SourceDate "2010.11.30"]

1. e4 d5 2. exd5 Nf6 3. Nf3 Nxd5 4. d4 Bg4 5. Be2 e6 6. O-O Be7 7. Bd2 O-O 8.
Nc3 Nd7 9. Ne4 N7f6 10. Neg5 h6 11. Nh3 Bxh3 12. gxh3 Ne4 13. Kh1 Bh4 14. Nxh4
Qxh4 15. Be1 Qxh3 16. Rg1 Nf4 17. Bf1 Qh4 18. f3 Nf2+ 19. Bxf2 Qxf2 20. Qc1
Qxf3+ 21. Bg2 Nxg2 22. Rxg2 Kh7 23. c3 Rad8 24. Qc2+ g6 25. Rag1 Rd5 26. Qf2
Qxf2 27. Rxf2 Rf5 28. Rd2 Rd8 29. b4 e5 30. d5 e4 31. Re1 Re5 32. c4 f5 33. Kg2
g5 34. Kg3 f4+ 35. Kg4 Kg6 36. Rde2 h5+ 37. Kh3 g4+ 38. Kh4 e3 39. Rg2 f3 40.
Rg3 f2 41. Rf1 e2 0-1

[Event "12. Open de la Constitución"]
[Site "S. Sebastian de los Reyes ESP"]
[Date "2010.12.04"]
[Round "5.21"]
[White "Perez Alvarez, Javier"]
[Black "Palenciano Escolar, Adrian"]
[Result "1-0"]
[WhiteElo "1776"]
[BlackElo "1568"]
[PlyCount "45"]
[EventDate "2010.11.30"]
[EventType "swiss"]
[EventRounds "9"]
[EventCountry "ESP"]
[Source "lmi"]
[SourceDate "2010.11.30"]

1. e4 c5 2. Nf3 Nc6 3. d4 cxd4 4. Nxd4 g6 5. Be3 Bg7 6. Nc3 Nf6 7. f3 O-O 8.
Qd2 d6 9. g4 Nd7 10. O-O-O Nb6 11. h4 Ne5 12. b3 Qc7 13. Ncb5 Qd8 14. Bh6 a6
15. Bxg7 Kxg7 16. Nc3 Qc7 17. h5 Rh8 18. hxg6 hxg6 19. Rxh8 Kxh8 20. Qh6+ Kg8
21. Bc4 Nxg4 22. Qxg6+ Kf8 23. Qxf7# 1-0

[Event "12. Open de la Constitución"]
[Site "S. Sebastian de los Reyes ESP"]
[Date "2010.12.04"]
[Round "5.22"]
[White "Navarro Rodriguez, Jesus"]
[Black "Ojosnegros Martin, Angel"]
[Result "1/2-1/2"]
[WhiteElo "1735"]
[BlackElo "1376"]
[PlyCount "80"]
[EventDate "2010.11.30"]
[EventType "swiss"]
[EventRounds "9"]
[EventCountry "ESP"]
[Source "lmi"]
[SourceDate "2010.11.30"]

1. e4 e5 2. Nf3 Nc6 3. Bc4 Bc5 4. O-O Nf6 5. d3 O-O 6. h3 h6 7. c3 Bb6 8. b4 d6
9. a4 a5 10. b5 Ne7 11. Ba3 c5 12. Qb3 Qc7 13. Nbd2 Bd7 14. Rac1 Qc8 15. d4 Be6
16. dxe5 Bxc4 17. Qxc4 dxe5 18. Nxe5 Qe6 19. Qxe6 fxe6 20. Rce1 Rac8 21. Re2
Ba7 22. Ndf3 b6 23. c4 Rfe8 24. Bb2 Bb8 25. g4 Bxe5 26. Nxe5 Red8 27. f4 Nd7
28. Nf3 Ng6 29. Nh2 Ndf8 30. f5 exf5 31. exf5 Nh8 32. f6 gxf6 33. Rxf6 Rd1+ 34.
Kg2 Nhg6 35. Nf3 Rcd8 36. h4 R1d6 37. Rf5 Ne6 38. Bc1 Nd4 39. Nxd4 Rxd4 40. Kg3
Rxc4 1/2-1/2

[Event "12. Open de la Constitución"]
[Site "S. Sebastian de los Reyes ESP"]
[Date "2010.12.04"]
[Round "5.27"]
[White "Perez Perez, Elena"]
[Black "Martin Rodriguez, Jose L"]
[Result "1-0"]
[WhiteElo "1602"]
[BlackElo "1502"]
[PlyCount "135"]
[EventDate "2010.11.30"]
[EventType "swiss"]
[EventRounds "9"]
[EventCountry "ESP"]
[Source "lmi"]
[SourceDate "2010.11.30"]

1. e4 e6 2. d4 d5 3. Nd2 c5 4. exd5 Qxd5 5. Ndf3 cxd4 6. Qxd4 Qxd4 7. Nxd4 Bd7
8. Bf4 Nc6 9. Nb5 Nb4 10. Kd2 Nd5 11. Bg3 Ngf6 12. Nd6+ Bxd6 13. Bxd6 Ne4+ 14.
Ke1 Nxd6 15. Rd1 Bb5 16. Bxb5+ Nxb5 17. c4 O-O-O 18. cxb5 Ne7 19. Rc1+ Kb8 20.
a4 Rd4 21. b3 Rhd8 22. Nf3 Rb4 23. Nd2 Rbd4 24. Nc4 Re4+ 25. Kf1 Rd3 26. Na5
Nd5 27. Nc4 Nc3 28. Ne3 Rb4 29. g3 Rxb3 30. Ra1 Rd4 31. Kg2 Rxa4 32. Rxa4 Nxa4
33. Rd1 Kc8 34. Nc4 Kc7 35. Nd6 Nc5 36. Nxf7 Rxb5 37. Rc1 a5 38. Ne5 Kb6 39.
Nc4+ Ka6 40. Nd6 Nb3 41. Rc3 Rb4 42. Rc7 a4 43. Nc4 Na5 44. Na3 Rb3 45. Nc2 a3
46. Rxg7 a2 47. Rg4 b5 48. Re4 Rb1 49. Rxe6+ Kb7 50. Re7+ Kb6 51. Rxh7 Nb3 52.
Rh6+ Ka5 53. Rh8 Ka4 54. Ra8+ Na5 55. h4 a1=Q 56. Nxa1 Rxa1 57. h5 Rc1 58. h6
Rc7 59. g4 b4 60. g5 b3 61. Rb8 Nb7 62. Ra8+ Kb4 63. Ra1 b2 64. Rb1 Kb3 65. g6
Rc6 66. g7 Rg6+ 67. Kf3 Nd6 68. h7 1-0

[Event "12. Open de la Constitución"]
[Site "S. Sebastian de los Reyes ESP"]
[Date "2010.12.05"]
[Round "6.1"]
[White "Longa Yauca, Javier"]
[Black "Roa Alonso, Santiago"]
[Result "1/2-1/2"]
[WhiteElo "2345"]
[BlackElo "2440"]
[PlyCount "45"]
[EventDate "2010.11.30"]
[EventType "swiss"]
[EventRounds "9"]
[EventCountry "ESP"]
[Source "lmi"]
[SourceDate "2010.11.30"]

1. d4 Nf6 2. c4 e6 3. Nf3 c5 4. e3 d5 5. Nc3 Nc6 6. Ne5 cxd4 7. exd4 dxc4 8.
Nxc6 bxc6 9. Qa4 Bb7 10. Bxc4 Be7 11. O-O O-O 12. Rd1 c5 13. Be3 Ng4 14. d5 Qc7
15. a3 Nxe3 16. fxe3 Bg5 17. Rd3 exd5 18. Bxd5 c4 19. Qxc4 Qb6 20. Bxb7 Bxe3+
21. Rxe3 Qxe3+ 22. Kh1 Rab8 23. Qe4 1/2-1/2

[Event "12. Open de la Constitución"]
[Site "S. Sebastian de los Reyes ESP"]
[Date "2010.12.05"]
[Round "6.2"]
[White "Barez Menendez, Hector"]
[Black "Semprun Martinez, Fernando"]
[Result "0-1"]
[WhiteElo "2168"]
[BlackElo "2216"]
[PlyCount "74"]
[EventDate "2010.11.30"]
[EventType "swiss"]
[EventRounds "9"]
[EventCountry "ESP"]
[Source "lmi"]
[SourceDate "2010.11.30"]

1. Nf3 Nf6 2. c4 g6 3. g3 Bg7 4. Bg2 O-O 5. O-O d6 6. d4 Nc6 7. Nc3 a6 8. d5
Na5 9. Nd2 c5 10. Qc2 Rb8 11. b3 b5 12. Bb2 e5 13. Rae1 Nh5 14. cxb5 axb5 15.
Nd1 f5 16. f4 exf4 17. Bxg7 Kxg7 18. gxf4 Kg8 19. Nb2 Rb7 20. e3 Re7 21. Nf3
Nf6 22. b4 cxb4 23. Nd4 Rfe8 24. Qd2 Qb6 25. Ne6 Nc4 26. Qc1 Bxe6 27. dxe6 Rxe6
28. Nxc4 bxc4 29. Qxc4 Kg7 30. Kh1 Rxe3 31. Rxe3 Rxe3 32. h3 Ne4 33. Rb1 Nd2
34. Qxb4 Re1+ 35. Kh2 Qg1+ 36. Kg3 Re3+ 37. Kh4 Qf2+ 0-1

[Event "12. Open de la Constitución"]
[Site "S. Sebastian de los Reyes ESP"]
[Date "2010.12.05"]
[Round "6.3"]
[White "Cardenas Serrano, Sergio"]
[Black "Hernando Pertierra, Jose Carlos"]
[Result "0-1"]
[WhiteElo "2124"]
[BlackElo "2394"]
[PlyCount "42"]
[EventDate "2010.11.30"]
[EventType "swiss"]
[EventRounds "9"]
[EventCountry "ESP"]
[Source "lmi"]
[SourceDate "2010.11.30"]

1. d4 g6 2. e4 Bg7 3. Nc3 c6 4. Be3 d5 5. f3 dxe4 6. fxe4 Nf6 7. Nf3 O-O 8. Qd2
Ng4 9. Bf4 e5 10. Nxe5 Nxe5 11. Bxe5 Bxe5 12. dxe5 Qxd2+ 13. Kxd2 Be6 14. Ke3
Nd7 15. Kf4 h6 16. h4 Rae8 17. Be2 b5 18. Rad1 f6 19. exf6 Nxf6 20. Rd6 b4 21.
Na4 Bb3 0-1

[Event "12. Open de la Constitución"]
[Site "S. Sebastian de los Reyes ESP"]
[Date "2010.12.05"]
[Round "6.4"]
[White "Quintero Torres, Pedro"]
[Black "Anton Veiga, Juan Carlos"]
[Result "1/2-1/2"]
[WhiteElo "1971"]
[BlackElo "2098"]
[PlyCount "33"]
[EventDate "2010.11.30"]
[EventType "swiss"]
[EventRounds "9"]
[EventCountry "ESP"]
[Source "lmi"]
[SourceDate "2010.11.30"]

1. e4 c5 2. Nf3 e6 3. d4 cxd4 4. Nxd4 Nc6 5. Nxc6 bxc6 6. Bd3 d5 7. O-O Nf6 8.
exd5 cxd5 9. c4 dxc4 10. Bxc4 Qxd1 11. Rxd1 Bc5 12. Bb5+ Bd7 13. Bxd7+ Nxd7 14.
Nc3 Nf6 15. Bf4 O-O 16. Rac1 Rfc8 17. h3 1/2-1/2

[Event "12. Open de la Constitución"]
[Site "S. Sebastian de los Reyes ESP"]
[Date "2010.12.05"]
[Round "6.5"]
[White "Alvarez Abejon, Amilcar"]
[Black "Vidaurre, Luis Alberto"]
[Result "1-0"]
[WhiteElo "2091"]
[BlackElo "1856"]
[PlyCount "51"]
[EventDate "2010.11.30"]
[EventType "swiss"]
[EventRounds "9"]
[EventCountry "ESP"]
[Source "lmi"]
[SourceDate "2010.11.30"]

1. e4 c5 2. Nc3 Nc6 3. f4 d6 4. Nf3 g6 5. Bb5 Bd7 6. O-O Bg7 7. d3 e6 8. Bxc6
Bxc6 9. Qe1 Ne7 10. Be3 b5 11. e5 Bxf3 12. Rxf3 b4 13. Ne4 Nf5 14. Bf2 dxe5 15.
fxe5 Bxe5 16. Bxc5 a5 17. c3 Qh4 18. g3 Qg4 19. Rf4 Qh5 20. d4 Bg7 21. Qf1 g5
22. Qb5+ Kd8 23. Qb6+ Kc8 24. Rxf5 exf5 25. Qc6+ Kb8 26. Nd6 1-0

[Event "12. Open de la Constitución"]
[Site "S. Sebastian de los Reyes ESP"]
[Date "2010.12.05"]
[Round "6.6"]
[White "Garcia Dorado, Alberto"]
[Black "Castejon Caballero, Natalia"]
[Result "0-1"]
[WhiteElo "2009"]
[BlackElo "2079"]
[PlyCount "58"]
[EventDate "2010.11.30"]
[EventType "swiss"]
[EventRounds "9"]
[EventCountry "ESP"]
[Source "lmi"]
[SourceDate "2010.11.30"]

1. d4 d5 2. Nd2 Nf6 3. e3 Bf5 4. c4 c6 5. f4 e6 6. Ngf3 Nbd7 7. Be2 Be7 8. O-O
O-O 9. Ne5 Nxe5 10. fxe5 Ne4 11. Nxe4 Bxe4 12. Bd3 Bxd3 13. Qxd3 c5 14. b3 Rc8
15. Bb2 Qd7 16. cxd5 exd5 17. Rad1 Rfd8 18. Rxf7 Kxf7 19. Qxh7 Qe6 20. Rf1+ Ke8
21. Qxg7 Rc6 22. Qg3 Kd7 23. dxc5 Rg8 24. Qe1 Bxc5 25. Qd2 Kc8 26. b4 Bb6 27.
a4 Qg4 28. Kh1 Bxe3 29. Qxd5 Rc2 0-1